000
00257nam a2200097Ia 4500
001
1054982
005
20250827001333.0
008
250824s9999 xx 000 0 und d
245
0
_a
BÖRÜ KURT İMPARATORLUĞU
_c
ÇAĞLAYAN YILMAZ
260
_b
PANAMA YAYINLARI
999
_c
1054982
_d
1054982